000 01145 a2200217 4500
005 20080910165925.0
008 080910t xxu||||| |||| 00| 0 hin d
010 _aHIN-79560
020 _a8189612573
_c490.00
035 _aHN-51906
037 _bD.B.Act / pub
082 _a372.954
100 _aत्रिपाठी, रेणु
245 _aभारत में प्राथमिक शिक्षा
_cरेणु त्रिपाठी
260 _aनई दिल्ली
_bओमेगा पब्लिकेशन्स
_c2006
270 _a4398/5, अंसारी रोड, दरियागंज
_bनई दिल्ली
_e110002
_k55901906
_mgph2004@yahoo.com.in
300 _a282पृ
_c22 सेमी (सजिल्द)
700 _aत्रिपाठी, अर्पणा
942 _adpl
_cHN
_k372.954 / त्रिपाठी
_2ddc
_h372.954
_mत्रिपाठी
999 _c2968
_d2968